|
|
|
|
| LEADER |
02108nam a2200397 a 4500 |
| 001 |
EBC794388 |
| 003 |
MiAaPQ |
| 005 |
20200520144314.0 |
| 006 |
m o d | |
| 007 |
cr cn||||||||| |
| 008 |
081105s2009 vauak s 001 0 eng d |
| 010 |
|
|
|z 2008046858
|
| 020 |
|
|
|z 9781586441432
|
| 020 |
|
|
|a 9781586442538 (electronic bk.)
|
| 035 |
|
|
|a (MiAaPQ)EBC794388
|
| 035 |
|
|
|a (Au-PeEL)EBL794388
|
| 035 |
|
|
|a (CaPaEBR)ebr10506494
|
| 035 |
|
|
|a (CaONFJC)MIL534865
|
| 035 |
|
|
|a (OCoLC)759101541
|
| 040 |
|
|
|a MiAaPQ
|c MiAaPQ
|d MiAaPQ
|
| 043 |
|
|
|a n-us---
|
| 050 |
|
4 |
|a KF4829
|b .S57 2009
|
| 082 |
0 |
4 |
|a 342.7308/2
|2 22
|
| 100 |
1 |
|
|a Siskind, Gregory H.
|
| 245 |
1 |
4 |
|a The employer's immigration compliance desk reference
|h [electronic resource] /
|c by Greg H. Siskind.
|
| 260 |
|
|
|a Alexandria, Va. :
|b Society for Human Resource Management,
|c c2009.
|
| 300 |
|
|
|a 275 p. :
|b ill., forms.
|
| 500 |
|
|
|a Includes index.
|
| 505 |
0 |
|
|a Form I-9 general concepts -- Completing the form I-9 -- Reverification -- Recordkeeping -- Electronic I-9 systems -- Knowledge of unlawful immigration status -- Unfair employment immigration practices -- Penalties and other risks -- Immigration Reform and Control Act (IRCA) compliance tips -- Conducting an I-9 self-audit -- E-Verify, IMAGE, and SSNVS -- Social security no-match letters -- Mergers and acquisitions -- Criminal law and employer immigration law compliance (with Jonathan L. Marks) -- Layoffs and downsizing -- State employer immigration laws -- Nonimmigrant visas -- Immigrant visas (the "Green Card") -- Asylees and refugees.
|
| 533 |
|
|
|a Electronic reproduction. Ann Arbor, MI : ProQuest, 2015. Available via World Wide Web. Access may be limited to ProQuest affiliated libraries.
|
| 650 |
|
0 |
|a Foreign workers
|x Legal status, laws, etc.
|z United States.
|
| 650 |
|
0 |
|a Foreign worker certification
|z United States.
|
| 650 |
|
0 |
|a Emigration and immigration law
|z United States.
|
| 655 |
|
4 |
|a Electronic books.
|
| 710 |
2 |
|
|a ProQuest (Firm)
|
| 856 |
4 |
0 |
|u https://ebookcentral.proquest.com/lib/matrademy/detail.action?docID=794388
|z Click to View
|